Série C-L : [detektivní fantazie] /
Uložené v:
| Hlavný autor: | |
|---|---|
| Ďalší autori: | |
| Médium: | Kniha |
| Jazyk: | Czech |
| Vydané: |
Praha :
Mladá fronta,
1984.
|
| Vydanie: | Vyd. 7. (V MF 6.) |
| Edícia: | Smaragd
sv. 105 |
| ISBN: |
(viaz.) |
| Fyzický popis: |
271 s. : il. ; 20 cm. |
| Tagy: |
Pridať tag
Žiadne tagy, Buďte prvý kto otaguje tento záznam!
|
Titul je dostupný aj v ... 

MARC
| LEADER | 00000nam a2200000 a 4500 | ||
|---|---|---|---|
| 001 | 000410077 | ||
| 005 | 20121113195349.0 | ||
| 008 | 850114s1984 xr e cze d | ||
| 020 | |a (viaz.) |c Kčs 28,00 | ||
| 040 | |a SVKKK |b slo |c SVKKK |e AACR2 | ||
| 041 | 0 | |a cze | |
| 044 | |a xr |c CZ | ||
| 100 | 1 | |a Fiker, Eduard, |d 1902-1961 |4 aut | |
| 245 | 1 | 0 | |a Série C-L : |b [detektivní fantazie] / |c Eduard Fiker ; [doslov Pavel Frýbort]. |
| 250 | |a Vyd. 7. (V MF 6.) | ||
| 260 | |a Praha : |b Mladá fronta, |c 1984. | ||
| 300 | |a 271 s. : |b il. ; |c 20 cm. | ||
| 366 | |e 100000 výt. | ||
| 490 | 1 | |a Smaragd |v sv. 105 | |
| 700 | 1 | |a Frýbort, Pavel, |d 1946-2007 |4 aft | |
| 830 | 0 | |a Smaragd |v sv. 105 | |
| 910 | |a svkkk | ||
| 998 | |a BK | ||
| 090 | |g SCKHL |k Sklad Pribinova 2. posch. |a II.305095 |j 709926 |i B272298 |s Absenčne | ||